Normal view
MARC view
Entry Meeting Name
001 - CONTROL NUMBER
- control field: 26883
003 - CONTROL NUMBER IDENTIFIER
- control field: ARRUPE
005 - DATE AND TIME OF LATEST TRANSACTION
- control field: 20161020114333.0
008 - FIXED-LENGTH DATA ELEMENTS
- fixed length control field: 161020|| aca||aabn | a|a d
040 ## - CATALOGING SOURCE
- Original cataloging agency: ARRUPE
- Transcribing agency: ARRUPE
111 ## - HEADING--MEETING NAME
- Meeting name or jurisdiction name as entry element: Conference on Regional Cooperation and Integration
- Date of meeting: (1991 :
- Location of meeting: Gaborone, Botswana)
670 ## - SOURCE DATA FOUND
- Source citation: Work cat.: (ARRUPE)0: Food policy and agriculture in southern Africa /, 1993.